Management / (Record no. 3254)

MARC details
000 -LEADER
fixed length control field 00583nam a2200193 ar4500
001 - CONTROL NUMBER
control field 3256
005 - DATE AND TIME OF LATEST TRANSACTION
control field 20221127090718.0
008 - FIXED-LENGTH DATA ELEMENTS--GENERAL INFORMATION
fixed length control field 130508s xxka 00110 eng d
020 ## - INTERNATIONAL STANDARD BOOK NUMBER
International Standard Book Number 9781408255667(pbk)
082 04 - DEWEY DECIMAL CLASSIFICATION NUMBER
Classification number 658
Item number M311 2011
245 00 - TITLE STATEMENT
Title Management /
Statement of responsibility, etc. Stephen P. Robbins ... [et al.].
250 ## - EDITION STATEMENT
Edition statement Arab World ed.
260 ## - PUBLICATION, DISTRIBUTION, ETC.
Place of publication, distribution, etc. Harlow, England :
Name of publisher, distributor, etc. Pearson,
Date of publication, distribution, etc. 2011.
300 ## - PHYSICAL DESCRIPTION
Extent xx, 540 p. :
Other physical details ill.(chiefly col.) ;
Dimensions 28 cm.
500 ## - GENERAL NOTE
General note Student access code inside.
504 ## - BIBLIOGRAPHY, ETC. NOTE
Bibliography, etc. note Includes bibl. references and index.
650 #4 - SUBJECT ADDED ENTRY--TOPICAL TERM
Topical term or geographic name entry element Management.
700 0# - ADDED ENTRY--PERSONAL NAME
Personal name Robbins, Stephen P.
Holdings
Withdrawn status Lost status Source of classification or shelving scheme Damaged status Not for loan Home library Current library Date acquired Total Checkouts Full call number Barcode Date last seen Copy number Price effective from Koha item type
          CENTRAL CENTRAL 11/27/2022   658 M311 2011 1000000008256 11/27/2022 C1 11/27/2022 Book
          KHOBAR KHOBAR 11/27/2022   658 M311 2011 1000000008255 11/27/2022 C2 11/27/2022 Book